[Event "Pige NM B"]
[Site "Jetsmark"]
[Date "2011.04.10"]
[Round "4"]
[White "Nhung, Elin"]
[Black "Larsen, Kristine"]
[Result "1/2-1/2"]
[WhiteElo "1310"]
[BlackElo "1400"]
[PlyCount "72"]
[EventDate "2011.04.08"]
[EventType "swiss"]
[EventRounds "5"]
[EventCountry "DEN"]
[SourceTitle "EXT 2023"]
[Source "ChessBase"]
[SourceDate "2022.10.05"]
[SourceVersion "1"]
[SourceVersionDate "2022.10.05"]
[SourceQuality "1"]

1. e4 e5 2. Nf3 Nc6 3. Bc4 d6 4. 0-0 Bg4 5. h3 Bh5 6. d3 Nf6 7. Bg5 Nd4 8. Nbd2 h6 9. Be3 Nxf3+ 10. Nxf3 Be7 11. c3 Qd7 12. Qe2 d5 13. exd5 Nxd5 14. g4 Bg6 15. Nxe5 Qd6 16. Nxg6 fxg6 17. Qf3 c6 18. Rfe1 Rf8 19. Qe4 Nxe3 20. Rxe3 Rc8 21. Rae1 Rc7 22. Rf3 Rxf3 23. Qxf3 Kd8 24. Qf7 Qf6 25. Qe6 Rd7 26. Qxf6 gxf6 27. d4 c5 28. Rd1 cxd4 29. Rxd4 Rxd4 30. cxd4 Kd7 31. Kf1 f5 32. f3 fxg4 33. hxg4 Bf6 34. b3 Bxd4 35. Ke2 g5 36. Kd3 Be5 1/2-1/2

[Event "Pige NM B"]
[Site "Jetsmark"]
[Date "2011.04.08"]
[Round "1"]
[White "Larsen, Kristine"]
[Black "Olsen, Sara Traber"]
[Result "1/2-1/2"]
[WhiteElo "1400"]
[BlackElo "1463"]
[PlyCount "72"]
[EventDate "2011.04.08"]
[EventType "swiss"]
[EventRounds "5"]
[EventCountry "DEN"]
[SourceTitle "EXT 2023"]
[Source "ChessBase"]
[SourceDate "2022.10.05"]
[SourceVersion "1"]
[SourceVersionDate "2022.10.05"]
[SourceQuality "1"]

1. e4 d6 2. Nc3 g6 3. Bc4 Nf6 4. d3 Bg7 5. Nge2 0-0 6. b4 a6 7. Bb2 Nc6 8. a3 e6 9. Rb1 Re8 10. 0-0 b5 11. Ba2 d5 12. exd5 exd5 13. Nf4 d4 14. Ncd5 Nxd5 15. Bxd5 Bb7 16. Qf3 Qd7 17. Rbc1 Ne5 18. Qe4 Nc4 19. Qf3 Bxd5 20. Qxd5 Qxd5 21. Nxd5 Nxb2 22. Nxc7 Rac8 23. Nxe8 Rxe8 24. Rfe1 Rxe1+ 25. Rxe1 Kf8 26. f4 Na4 27. Kf2 Nc3 28. Kf3 h5 29. h3 Bf6 30. g3 Bg7 31. g4 hxg4+ 32. hxg4 Nd5 33. Ke4 Nc3+ 34. Kf3 Nd5 35. Ke4 Nc3+ 36. Kf3 Nd5 1/2-1/2